Wireless communications and networks / (رقم التسجيلة. 34987)

تفاصيل مارك
000 -الفاتح
حقل البيانات ثابتة الطول 00667nam a22002177a 4500
003 - محدد رقم الضبط
رقم الضبط OSt
005 - وقت وتاريخ اخر تعامل مع التسجيلة
رقم الضبط 20150408114217.0
008 - عناصر البيانات ثابتة الطول - معلومات عامة
حقل البيانات ثابتة الطول 140513s2014 enka g b 001 0 eng d
020 ## - الرقم الدولى المعيارى للكتب
الرقم الدولى المعيارى للكتاب 9781292027388
040 ## - مصدر الفهرسة
وكالة الفهرسة الأصلية Ma-Un
082 04 - رقم تصنيف ديوى العشرى
رقم الطبعة 22
رقم التصنيف 621.382
رقم المادة SWW
100 1# - المدخل الرئيسى - إسم شخصى
الإسم الشخصى Stallings, William.
9 (RLIN) 10434
245 10 - بيان العنوان
العنوان Wireless communications and networks /
بيان المسئوليه,etc William Stallings.
250 ## - بيان الطبعة
بيان الطبعة 2nd ed.
260 ## - PUBLICATION, DISTRIBUTION, ETC. (IMPRINT)
مكان الناشر او الموزع Edinburgh, England :
اسم الناشر او الموزع Pearson Education Limited,
تاريخ النشر أو التوزيع 2014.
300 ## - الوصف المادى
التعداد ii, 550 p. :
تفاصيل ماديه اخرى للوعاء ill. ;
أبعاد الوعاء 25 cm.
504 ## - تبصرة ببليوجرافية
تبصرة ببليوجرافية,الخ Includes bibliographical references and index.
650 ## - المدخل الاضافى بالموضوع-مصطلح موضوعى
مصطلح موضوعي أو اسم جغرافي كعنصر مدخل Wireless communication systems.
650 ## - المدخل الاضافى بالموضوع-مصطلح موضوعى
مصطلح موضوعي أو اسم جغرافي كعنصر مدخل Wireless LANs.
942 ## - عناصر المدخل الإضافي( كوها)
مصدر التصنيف او مخطط الترفيف Dewey Decimal Classification
Koha [default] item type كتاب
المقتنيات
حالة الفقد نموذج السعر الفعال حالة تلف ليس للاعارة رقم الطلب رقم النسخة تاريخ الاكتساب مصدر التزويد الموقع الحالي الباركود الفرع الرئيسي Date last seen نوع المادة فى نظام كوها مصدر التصنيف او خطة الترفيف Total Checkouts
  2014-05-13   Not For Loan 621.382 SWW 1 2014-05-13 دار العرب المكتبة المركزية بالمجمعة (CL) 00211223 المكتبة المركزية بالمجمعة (CL) 2014-05-13 كتاب Dewey Decimal Classification  
  2014-05-13   Not For Loan 621.382 SWW 1 2014-05-13 دار العرب مكتبة مجمع الكليات بالزلفى - طلاب (SZM) 00211224 مكتبة مجمع الكليات بالزلفى - طلاب (SZM) 2014-05-13 كتاب Dewey Decimal Classification  
  2014-05-13     621.382 SWW 2 2014-05-13 دار العرب مكتبة مجمع الكليات بالزلفى - طلاب (SZM) 00211225 مكتبة مجمع الكليات بالزلفى - طلاب (SZM) 2014-05-13 كتاب Dewey Decimal Classification